[Event "Chigorin Memorial"]
[Site "St Petersburg RUS"]
[Date "2013.10.05"]
[Round "1.30"]
[White "Stocek, Jiri"]
[Black "Zherebtsova, Alexandra"]
[Result "1-0"]
[WhiteTitle "GM"]
[WhiteElo "2543"]
[BlackElo "2078"]
[WhiteFideId "304760"]
[BlackFideId "24129518"]
[EventDate "2013.10.05"]

1. d4 f5 2. c4 Nf6 3. Nc3 g6 4. f3 c5 5. dxc5 Na6 6. Be3 Bg7 7. Nh3 Qc7 8. Nf4
Nxc5 9. Nfd5 Nxd5 10. Nxd5 Qc6 11. Qd2 Ne6 12. Rc1 b6 13. g4 Qd6 14. gxf5 gxf5
15. f4 Bb7 16. Bg2 Rb8 17. Rg1 O-O 18. b4 Rf7 19. c5 bxc5 20. bxc5 Qa6 21. Rb1
Nd8 22. Bd4 Qh6 23. Bf3 Kf8 24. Qc2 e6 25. Ne3 d5 26. cxd6 Rc8 27. Bxg7+ 1-0

[Event "Chigorin Memorial"]
[Site "St Petersburg RUS"]
[Date "2013.10.05"]
[Round "1.31"]
[White "Zhilchikov, Nikolai"]
[Black "Gabrielian, Artur"]
[Result "0-1"]
[BlackTitle "GM"]
[WhiteElo "2074"]
[BlackElo "2541"]
[WhiteFideId "4137264"]
[BlackFideId "4131002"]
[EventDate "2013.10.05"]

1. d4 Nf6 2. Nf3 g6 3. c3 Bg7 4. g3 O-O 5. Bg2 d6 6. O-O Nc6 7. Na3 a6 8. Bf4
Qe8 9. Qd2 e5 10. dxe5 dxe5 11. Bh6 Ne4 12. Qe3 Nd6 13. Bxg7 Kxg7 14. Rad1 f5
15. c4 f4 16. Qc3 Ne4 17. Qc2 Nf6 18. Qb3 Rb8 19. Nc2 Bg4 20. Rfe1 e4 21. Nfd4
Nxd4 22. Rxd4 c5 23. Rd6 Qe5 24. Rb6 Rf7 25. gxf4 Qxf4 26. Qc3 Kg8 27. Qe3 Qc7
28. Rb3 Rd8 29. Qg5 Be6 30. Ne3 Rd4 31. Rc3 Nh5 32. Ng4 Bxg4 33. Qxg4 e3 34. f4
Nxf4 35. Rxe3 Nd3 36. Re8+ Kg7 37. Qxd4+ cxd4 38. exd3 Qa5 39. Bd5 Rf5 40. R8e7+
Kh6 41. Bg8 Qd2 42. Rxh7+ Kg5 43. Rhe7 Qxd3 44. Bd5 Kh6 45. b3 Rg5+ 46. Kh1 Rxd5
47. cxd5 Qf3+ 48. Kg1 d3 49. R1e3 Qg4+ 50. Rg3 Qd4+ 51. Kg2 Qxd5+ 0-1

[Event "Chigorin Memorial"]
[Site "St Petersburg RUS"]
[Date "2013.10.05"]
[Round "1.32"]
[White "Anisimov, Pavel2"]
[Black "Plotnikov, Vitaly"]
[Result "1-0"]
[WhiteTitle "IM"]
[WhiteElo "2538"]
[BlackElo "2065"]
[WhiteFideId "4135229"]
[BlackFideId "24118915"]
[EventDate "2013.10.05"]

1. e4 e6 2. d4 d5 3. Nc3 dxe4 4. Nxe4 Nd7 5. Nf3 Be7 6. Bd3 Ngf6 7. Qe2 O-O 8.
Bg5 Nd5 9. c3 c5 10. h4 cxd4 11. Nxd4 Ne5 12. Bc2 f6 13. Bd2 Qb6 14. O-O-O Bd7
15. f4 Nc6 16. Nxe6 Rf7 17. N4g5 fxg5 18. Bxh7+ Kxh7 19. hxg5+ Kg8 20. Rh8+ Kxh8
21. Qh5+ Kg8 22. g6 Nf6 23. gxf7# 1-0

[Event "Chigorin Memorial"]
[Site "St Petersburg RUS"]
[Date "2013.10.05"]
[Round "1.33"]
[White "Aseev, Vladimir"]
[Black "Rozum, Ivan"]
[Result "0-1"]
[BlackTitle "IM"]
[WhiteElo "2064"]
[BlackElo "2533"]
[WhiteFideId "24121371"]
[BlackFideId "24104272"]
[EventDate "2013.10.05"]

1. d4 Nf6 2. c4 c5 3. d5 e5 4. Nc3 d6 5. g3 Be7 6. Bg2 Nbd7 7. Nf3 O-O 8. O-O a6
9. a3 Ne8 10. e4 b5 11. cxb5 axb5 12. Be3 Nef6 13. Nd2 Ba6 14. b4 Rc8 15. Bh3
Rc7 16. Qb3 h5 17. f3 h4 18. Rf2 Nh5 19. Nf1 Bg5 20. Ne2 Nb6 21. f4 Bf6 22. Rd1
g6 23. Bc1 Na4 24. Qf3 cxb4 25. axb4 Bc8 26. fxe5 Bxe5 27. g4 Nc3 28. Re1 Nf6
29. Nxc3 Rxc3 30. Be3 Nh7 31. Qg2 Ng5 32. Rc1 Rxc1 33. Bxc1 Bd4 34. Ne3 Qe7 35.
Kh1 Bb7 36. Re2 Nxh3 37. Qxh3 Qxe4+ 38. Qg2 Qb1 39. Qf1 Re8 40. Re1 Qe4+ 41. Ng2
Qxe1 42. Qxe1 Rxe1+ 43. Nxe1 Bxd5+ 0-1

[Event "Chigorin Memorial"]
[Site "St Petersburg RUS"]
[Date "2013.10.05"]
[Round "1.34"]
[White "Lintchevski, Daniil"]
[Black "Kazakov, Maksym"]
[Result "1-0"]
[WhiteTitle "GM"]
[WhiteElo "2532"]
[BlackElo "2062"]
[WhiteFideId "4171055"]
[BlackFideId "14128756"]
[EventDate "2013.10.05"]

1. e4 c5 2. Nf3 Nc6 3. d4 cxd4 4. Nxd4 e5 5. Nb5 a6 6. Nd6+ Bxd6 7. Qxd6 Qf6 8.
Qxf6 Nxf6 9. Nc3 Nb4 10. Bd3 d5 11. exd5 Nxd3+ 12. cxd3 Bf5 13. Bg5 Bxd3 14.
Bxf6 gxf6 15. Rd1 Bg6 16. O-O O-O-O 17. f4 exf4 18. Rxf4 Rd6 19. Rdf1 Re8 20.
Rxf6 Rxf6 21. Rxf6 Re1+ 22. Kf2 Rc1 23. Ke3 Rc2 24. Rf2 Rxf2 25. Kxf2 Kd7 26.
Ke3 Kd6 27. Kd4 f5 28. Nd1 b5 29. Ne3 h5 30. g3 h4 31. gxh4 f4 32. Ng4 Bf7 33.
Nf6 f3 34. Ne4+ Kd7 35. h5 Ke7 36. h6 Bg6 37. Nf2 Kd6 38. Ng4 1-0

[Event "Chigorin Memorial"]
[Site "St Petersburg RUS"]
[Date "2013.10.05"]
[Round "1.35"]
[White "Grinblat, Artemiy"]
[Black "Bernadskiy, Vitaliy"]
[Result "0-1"]
[BlackTitle "IM"]
[WhiteElo "2058"]
[BlackElo "2527"]
[WhiteFideId "14135272"]
[BlackFideId "14100371"]
[EventDate "2013.10.05"]

1. e4 c6 2. d4 d5 3. e5 c5 4. Nf3 Nc6 5. dxc5 Bg4 6. Bb5 e6 7. b4 a5 8. c3 Qc7
9. Nbd2 Ne7 10. O-O g5 11. h3 Bh5 12. Nb3 axb4 13. cxb4 h6 14. Nbd4 Bg7 15.
Bxc6+ bxc6 16. b5 Bxf3 17. Qxf3 Qxe5 18. Bb2 Qe4 19. Qxe4 dxe4 20. b6 O-O-O 21.
Rad1 Rd7 22. Rd2 Be5 23. Rfd1 Rhd8 24. b7+ Rxb7 25. Nxc6 Rxd2 26. Nxe7+ Rxe7 27.
Rxd2 Bxb2 28. Rxb2 Rb7 29. Rd2 Rb4 30. Rc2 Kc7 31. Kf1 Kc6 32. Ke2 f5 33. f3
exf3+ 34. Kxf3 Rb5 35. Re2 Kd5 36. g4 Rxc5 37. gxf5 exf5 38. Re3 Ra5 39. Rd3+
Ke5 40. a3 h5 41. Rb3 f4 42. Rc3 Kf5 43. Rb3 Rc5 44. a4 g4+ 45. hxg4+ hxg4+ 46.
Kg2 Rc2+ 47. Kg1 g3 0-1

[Event "Chigorin Memorial"]
[Site "St Petersburg RUS"]
[Date "2013.10.05"]
[Round "1.36"]
[White "Oparin, Grigoriy"]
[Black "Sorokopudov, Vladimir M."]
[Result "1-0"]
[WhiteTitle "IM"]
[WhiteElo "2526"]
[BlackElo "2057"]
[WhiteFideId "24125890"]
[BlackFideId "24153052"]
[EventDate "2013.10.05"]

1. e4 c6 2. d4 d5 3. e5 Bf5 4. Nd2 e6 5. Nb3 Nd7 6. Nf3 a6 7. Be2 c5 8. Be3 c4
9. Nbd2 Ne7 10. O-O h6 11. Ne1 Bh7 12. c3 Nf5 13. Bf4 g5 14. Be3 Be7 15. Bh5 Ng7
16. f4 Nxh5 17. Qxh5 Bg6 18. Qh3 Rh7 19. Rf2 Qc7 20. Qg3 Qd8 21. fxg5 hxg5 22.
Ndf3 Bf5 23. Bxg5 Bxg5 24. Nxg5 Rh5 25. Nef3 Qe7 26. Qf4 Bg6 27. h4 Rh8 28. g4
Rf8 29. Raf1 Bd3 30. Re1 O-O-O 31. Qg3 Rg8 32. Re3 Rg7 33. Ne1 Bb1 34. Ng2 Rdg8
35. Ref3 Rf8 36. a3 b5 37. Rf4 Bg6 38. Nf3 Be4 39. Ng5 Bg6 40. Qf3 Nb8 41. Rf6
Rgg8 42. Rf4 Rg7 43. Qe3 Bd3 44. R4f3 Bb1 45. Nf4 Be4 46. Rg3 Rxg5 47. hxg5 Qxg5
48. Nxd5 1-0

[Event "Chigorin Memorial"]
[Site "St Petersburg RUS"]
[Date "2013.10.05"]
[Round "1.37"]
[White "Ivanov, Sergei V."]
[Black "Sivuk, Vitaly"]
[Result "0-1"]
[BlackTitle "IM"]
[WhiteElo "2053"]
[BlackElo "2517"]
[WhiteFideId "24170003"]
[BlackFideId "14116502"]
[EventDate "2013.10.05"]

1. e4 c5 2. Nc3 a6 3. g3 b5 4. Bg2 Bb7 5. Nge2 e6 6. O-O Nf6 7. d3 d6 8. f4 Nbd7
9. f5 e5 10. h3 h5 11. Be3 Be7 12. Nd5 Nxd5 13. exd5 Bg5 14. Bxg5 Qxg5 15. c4
Qe3+ 16. Kh1 Nf6 17. Rf3 Qh6 18. Qc1 Qxc1+ 19. Rxc1 Ke7 20. Nc3 Rhb8 21. Rf2 Bc8
22. Nd1 Bd7 23. Ne3 Ra7 24. Bf3 a5 25. g4 hxg4 26. hxg4 Nh7 27. Rh2 Ng5 28. Bd1
Raa8 29. Rcc2 Kf6 30. Nf1 bxc4 31. dxc4 Rh8 32. Ng3 g6 33. Rf2 Rxh2+ 34. Rxh2 e4
35. Bc2 Re8 36. Rf2 Ke5 37. Kg2 Kd4 38. b3 gxf5 39. gxf5 e3 40. Ne2+ Ke5 41. Rf4
Rg8 42. Kf1 Rh8 43. Kg2 f6 44. Bd3 Be8 45. Rf1 Rh4 46. Ng3 Bh5 47. Be2 Bxe2 48.
Nxe2 Rg4+ 49. Kh2 Ke4 50. a3 Kd3 51. Ng1 e2 52. Rb1 Ke3 53. b4 Kf2 0-1

[Event "Chigorin Memorial"]
[Site "St Petersburg RUS"]
[Date "2013.10.05"]
[Round "1.39"]
[White "Trapeznikova, Darya"]
[Black "Stukopin, Andrey"]
[Result "1/2-1/2"]
[BlackTitle "IM"]
[WhiteElo "2048"]
[BlackElo "2515"]
[WhiteFideId "24121118"]
[BlackFideId "24107131"]
[EventDate "2013.10.05"]

1. d4 d5 2. c4 dxc4 3. Nf3 Nf6 4. e3 Bg4 5. Bxc4 e6 6. O-O Nc6 7. Nc3 Bd6 8. Be2
O-O 9. a3 a6 10. b4 b5 11. Bb2 Qe8 12. Qc2 e5 13. Ne4 exd4 14. Nxf6+ gxf6 15.
Nxd4 Nxd4 16. Bxd4 Bxe2 17. Qxe2 Qe6 18. Rac1 Rfe8 19. Qf3 f5 20. Bc5 Be5 21.
Bd4 Bd6 22. Bc5 Be5 23. Bd4 Bd6 24. Bc5 1/2-1/2

[Event "Chigorin Memorial"]
[Site "St Petersburg RUS"]
[Date "2013.10.05"]
[Round "1.41"]
[White "Senkevich, Konstantin"]
[Black "Levin, Evgeny A."]
[Result "0-1"]
[BlackTitle "GM"]
[WhiteElo "2039"]
[BlackElo "2512"]
[WhiteFideId "4192389"]
[BlackFideId "4182596"]
[EventDate "2013.10.05"]

1. e4 d6 2. f4 Nf6 3. c3 c5 4. Nf3 Nc6 5. Bb5 Nxe4 6. Bxc6+ bxc6 7. Qa4 Nf6 8.
Qxc6+ Bd7 9. Qb7 e6 10. O-O Be7 11. Na3 O-O 12. d4 cxd4 13. Nxd4 d5 14. Nac2 Qa5
15. Qb3 Ba4 16. Qb7 Bc5 17. b4 Qb6 18. Qxb6 Bxb6 19. Ne3 Ne4 20. Bb2 Rfc8 21.
Rac1 a5 22. a3 Nd2 23. Rfe1 Rc7 24. h3 Rac8 25. Kh2 Ne4 26. f5 Bd7 27. fxe6 fxe6
28. Ng4 axb4 29. axb4 Ra7 30. c4 Ra2 31. Ba1 Rxa1 32. Rxa1 Bxd4 33. Rac1 Rb8 34.
Red1 Bb2 35. Rc2 Ba4 36. Rxb2 Bxd1 37. cxd5 Bxg4 0-1

[Event "Chigorin Memorial"]
[Site "St Petersburg RUS"]
[Date "2013.10.05"]
[Round "1.42"]
[White "Neverov, Valeriy"]
[Black "Martynyuk, Elizaveta"]
[Result "1-0"]
[WhiteTitle "GM"]
[WhiteElo "2505"]
[BlackElo "2032"]
[WhiteFideId "14100150"]
[BlackFideId "24128511"]
[EventDate "2013.10.05"]

1. d4 Nf6 2. c4 e6 3. Nc3 Bb4 4. Bg5 c5 5. d5 Bxc3+ 6. bxc3 d6 7. e3 e5 8. Bd3
Nbd7 9. Ne2 h6 10. Bh4 O-O 11. f4 Qe8 12. h3 b5 13. cxb5 exf4 14. exf4 Nxd5 15.
Qd2 Ne3 16. Kf2 c4 17. Bb1 Nxg2 18. Kxg2 Bb7+ 19. Kh2 Bxh1 20. Kxh1 Nc5 21. Bf5
Qxb5 22. Rg1 Nd3 23. Nd4 Qd5+ 24. Kh2 Rab8 25. Bf6 g6 26. Bxd3 cxd3 27. f5 Kh7
28. Rg2 Qc4 29. Ne6 Rfe8 30. Rg4 Qxg4 31. hxg4 fxe6 32. fxg6+ Kxg6 33. g5 e5 34.
Qxd3+ e4 35. Qxd6 Rb2+ 36. Kg3 hxg5 37. Bd4+ Kh5 38. Qd7 Re6 39. Qxe6 Rb7 40.
Qe8+ Kh6 41. Kg4 Kh7 42. Qh8+ Kg6 43. Qh5# 1-0

[Event "Chigorin Memorial"]
[Site "St Petersburg RUS"]
[Date "2013.10.05"]
[Round "1.43"]
[White "Krasovskiy, Sviatoslav"]
[Black "Al-Sayed, Mohammed"]
[Result "1/2-1/2"]
[BlackTitle "GM"]
[WhiteElo "2031"]
[BlackElo "2498"]
[WhiteFideId "24145696"]
[BlackFideId "12100196"]
[EventDate "2013.10.05"]

1. c4 g6 2. Nc3 Bg7 3. g3 c5 4. Bg2 Nc6 5. Nf3 e6 6. O-O Nge7 7. d3 O-O 8. Be3
Nd4 9. Qd2 d5 10. cxd5 exd5 11. Bh6 Bxh6 12. Qxh6 Nxf3+ 13. Bxf3 Be6 14. e4 d4
15. Ne2 c4 16. Nf4 c3 17. Ne2 b5 18. bxc3 dxc3 19. Nxc3 Qxd3 20. Qe3 Qxe3 21.
fxe3 Bc4 22. Rfd1 Nc6 23. Kf2 Ne5 24. Be2 Rac8 25. Nxb5 Bxb5 26. Bxb5 Rc2+ 27.
Be2 Rb8 28. Rab1 Rxb1 29. Rxb1 Rxa2 30. Ke1 Kg7 31. Rb5 Kf6 32. g4 h6 33. h4 Ke6
34. Rb7 Kd6 35. h5 gxh5 36. gxh5 Ke6 37. Rb8 Kf6 38. Rh8 Kg7 39. Re8 Ra5 40. Kd2
Rc5 41. Rd8 Ra5 42. Re8 Nc6 43. Rc8 Ne5 44. Re8 Rc5 45. Rd8 Rc7 46. Rd5 Nd7 47.
Kd3 Nf6 48. Rd8 Rd7+ 49. Rxd7 Nxd7 50. Kd4 Kf6 51. Kd5 Ne5 52. Bd1 a5 53. Kd4
Nd7 54. Kd5 a4 55. e5+ Ke7 56. Bc2 a3 57. Bb3 Nf8 58. Kc5 Ne6+ 59. Kb4 Ng7 60.
Kxa3 Nxh5 61. Kb4 Ng3 62. Kc3 Ne4+ 63. Kd4 Ng5 64. Bd1 Nh3 65. Bh5 Nf2 66. e4
Nh3 67. Ke3 Ng5 68. Kf4 Ne6+ 69. Kg3 Nf8 70. Kf4 Nd7 71. Kf5 Nc5 72. Be2 Kf8 73.
Bc4 Kg7 74. e6 1/2-1/2

[Event "Chigorin Memorial"]
[Site "St Petersburg RUS"]
[Date "2013.10.05"]
[Round "1.44"]
[White "Shinkevich, Vitaly"]
[Black "Erenberg, Ariel"]
[Result "1-0"]
[WhiteTitle "IM"]
[WhiteElo "2489"]
[BlackElo "2029"]
[WhiteFideId "4122690"]
[BlackFideId "2811634"]
[EventDate "2013.10.05"]

1. d4 d5 2. c4 dxc4 3. Nf3 Nf6 4. Nc3 a6 5. e4 b5 6. e5 Nd5 7. a4 Bb7 8. e6 fxe6
9. Be2 Nxc3 10. bxc3 Qd5 11. Ng5 Qxg2 12. Rf1 Nd7 13. Nxe6 Rc8 14. axb5 axb5 15.
Ra7 Qc6 16. d5 Qxd5 17. Qxd5 Bxd5 18. Nxc7+ Rxc7 19. Rxc7 Kd8 20. Ra7 e6 21. Be3
Bd6 22. h4 g6 23. Kd2 b4 24. Rb1 Be4 25. Rxb4 Bxb4 26. cxb4 Kc8 27. Bxc4 Ne5 28.
Bxe6+ Kb8 29. Kc3 Re8 30. Ra6 Bf3 31. Rd6 Kc7 32. Bc5 Bc6 33. Bb3 Nd7 34. Re6
Ra8 35. Re7 h5 36. Rg7 Ra1 37. Be3 Rh1 38. Bc4 Rxh4 39. b5 Ba8 40. Be6 Ra4 41.
Bxd7 1-0

[Event "Chigorin Memorial"]
[Site "St Petersburg RUS"]
[Date "2013.10.05"]
[Round "1.45"]
[White "Utkin, Vladimir"]
[Black "Popilski, Gil"]
[Result "0-1"]
[BlackTitle "GM"]
[WhiteElo "2025"]
[BlackElo "2486"]
[WhiteFideId "24112160"]
[BlackFideId "2809060"]
[EventDate "2013.10.05"]

1. d4 Nf6 2. c4 e6 3. Nf3 b6 4. g3 Ba6 5. Qc2 Bb7 6. Bg2 c5 7. O-O cxd4 8. Nxd4
Bxg2 9. Kxg2 Qc8 10. Rd1 Be7 11. Bg5 O-O 12. Nd2 Qb7+ 13. N2f3 a6 14. Rac1 d6
15. b4 Rc8 16. Kg1 b5 17. Qb3 bxc4 18. Rxc4 Rxc4 19. Qxc4 d5 20. Qc2 Nbd7 21.
Qc6 Qxc6 22. Nxc6 Bd6 23. Bf4 Ne4 24. Bxd6 Nxd6 25. Nfd4 Kf8 26. Nb3 Rc8 27. Rc1
Ke8 28. Kf1 Nb6 29. Nca5 Ndc4 30. Ke1 Rb8 31. Nc6 Rc8 32. Nca5 Rb8 33. Nc6 Rb7
34. Nc5 Rc7 35. Na5 Nxa5 36. bxa5 Nc4 37. Nxa6 Ra7 38. Nb4 Rxa5 39. Rb1 Kd7 40.
Kd1 Kd6 41. Rb3 e5 42. g4 h6 43. Kc2 Ra4 44. f3 g6 45. h4 f6 46. Kd1 f5 47. h5
fxg4 48. fxg4 gxh5 49. gxh5 d4 50. Ke1 Ke6 51. Kf2 Nd2 52. Rb2 Nc4 53. Rb3 Nd2
54. Rb2 e4 55. Nc6 Kd5 56. Ne7+ Kc5 57. Nf5 Nc4 58. Rc2 d3 59. exd3 exd3 60.
Rxc4+ Kxc4 0-1

[Event "Chigorin Memorial"]
[Site "St Petersburg RUS"]
[Date "2013.10.05"]
[Round "1.46"]
[White "Raznikov, Danny"]
[Black "Klukin, Kirill"]
[Result "1-0"]
[WhiteTitle "IM"]
[WhiteElo "2486"]
[BlackElo "2024"]
[WhiteFideId "2811154"]
[BlackFideId "24199273"]
[EventDate "2013.10.05"]

1. d4 Nf6 2. c4 g6 3. Nc3 Bg7 4. e4 d6 5. h3 O-O 6. Be3 Na6 7. Nf3 c5 8. d5 e6
9. Be2 exd5 10. cxd5 Nc7 11. a4 a6 12. O-O Rb8 13. a5 Re8 14. Qc2 b5 15. axb6
Rxb6 16. Nd2 Rb8 17. Ra2 Nb5 18. Nxb5 axb5 19. Rfa1 Re7 20. Ra8 Reb7 21. Bf4 Ne8
22. Bg3 c4 23. R8a5 f5 24. R1a2 fxe4 25. Nxe4 Bf5 26. f3 Qb6+ 27. Kh2 Qd4 28.
Qc1 Be5 29. Bxe5 Qxe5+ 30. Ng3 Bd3 31. Bxd3 cxd3 32. Qd2 Qxd5 33. R2a3 Qf7 34.
Rxd3 Ra7 35. Rxa7 Qxa7 36. Ne4 Qc7 37. Kh1 Rc8 38. Rc3 Qb7 39. Rxc8 Qxc8 40.
Qd5+ Kg7 41. Qxb5 Nf6 42. Nc3 d5 43. Qb4 Kf7 44. Qd4 Qb7 45. b4 Ke6 46. b5 Nd7
47. Qg7 Qc8 48. Ne2 Qc4 49. Qb2 Nb6 50. Nd4+ Kd6 51. Qa3+ Qc5 52. Qe3 Qc8 53.
Nc6 Qc7 54. Qe5+ Kd7 55. Qh8 Kd6 56. Qe5+ Kd7 57. Qh8 Kd6 58. Qf8+ Ke6 59. f4
Qd6 60. f5+ gxf5 61. Nd4+ Ke5 62. Nf3+ Ke6 63. Nd4+ Ke5 64. Nf3+ Ke6 65. Ng5+
Kd7 66. Qxf5+ Kc7 67. Qxh7+ Nd7 68. Nf3 Qc5 69. Qd3 Nf6 70. Qd4 Qc1+ 71. Qg1 Qc4
72. Qa7+ Kd6 73. Qb8+ Ke7 74. b6 Nd7 75. Qc7 1-0

[Event "Chigorin Memorial"]
[Site "St Petersburg RUS"]
[Date "2013.10.05"]
[Round "1.47"]
[White "Kharchenko, Daniil"]
[Black "Baron, Tal"]
[Result "0-1"]
[BlackTitle "GM"]
[WhiteElo "2023"]
[BlackElo "2473"]
[WhiteFideId "24101664"]
[BlackFideId "2809958"]
[EventDate "2013.10.05"]

1. e4 c5 2. Nf3 Nc6 3. d4 cxd4 4. Nxd4 Nf6 5. Nc3 e5 6. Ndb5 d6 7. Bg5 a6 8. Na3
b5 9. Nd5 Be7 10. Bxf6 Bxf6 11. c4 b4 12. Nc2 O-O 13. Nce3 Bg5 14. Be2 a5 15. b3
Be6 16. O-O Rb8 17. Qd3 Qd7 18. Rab1 g6 19. f4 exf4 20. Nxf4 Qa7 21. Kh1 Rfe8
22. Ned5 Bxd5 23. Nxd5 Re5 24. Nf6+ Bxf6 25. Rxf6 Rbe8 26. Qxd6 Rxe4 27. Qxc6
Rxe2 28. Rbf1 R8e7 29. c5 Rxa2 30. Rd6 Rf2 31. Rfd1 Rfe2 32. h3 Qc7 33. Kh2 Rc2
34. Qxc7 Rxc7 35. Ra6 R7xc5 36. Rd8+ Kg7 37. Rd4 Rg5 0-1

[Event "Chigorin Memorial"]
[Site "St Petersburg RUS"]
[Date "2013.10.05"]
[Round "1.48"]
[White "Matinian, Nikita"]
[Black "Voronenkov, Sergey"]
[Result "1-0"]
[WhiteTitle "IM"]
[WhiteElo "2472"]
[BlackElo "2019"]
[WhiteFideId "24129100"]
[BlackFideId "24129674"]
[EventDate "2013.10.05"]

1. e4 c5 2. Nf3 d6 3. d4 cxd4 4. Nxd4 Nf6 5. Nc3 a6 6. h3 e5 7. Nde2 h5 8. Bg5
Nbd7 9. Nd5 Be7 10. Nxe7 Qxe7 11. Nc3 Qe6 12. Qd2 b5 13. O-O-O Bb7 14. f3 b4 15.
Nd5 Nxd5 16. exd5 Qg6 17. Bd3 f5 18. g4 hxg4 19. hxg4 Rxh1 20. Rxh1 Qf7 21. Bxf5
Qxd5 22. Bg6+ 1-0

[Event "Chigorin Memorial"]
[Site "St Petersburg RUS"]
[Date "2013.10.05"]
[Round "1.49"]
[White "Larina, Marija"]
[Black "Predke, Alexandr"]
[Result "0-1"]
[WhiteTitle "WFM"]
[WhiteElo "2011"]
[BlackElo "2464"]
[WhiteFideId "24113182"]
[BlackFideId "24107581"]
[EventDate "2013.10.05"]

1. e4 g6 2. d4 d6 3. c3 Nf6 4. Bd3 Bg7 5. Nf3 Nbd7 6. h3 O-O 7. O-O e5 8. Re1 b6
9. Nbd2 Bb7 10. Nf1 Re8 11. Ng3 a6 12. a4 exd4 13. cxd4 c5 14. Bc2 cxd4 15. Nxd4
Nc5 16. f3 Nd5 17. Nge2 Nb4 18. Bd2 Nbd3 19. Bxd3 Nxd3 20. Rf1 d5 21. exd5 Nxb2
22. Qb1 Qxd5 23. Bc3 Nc4 24. Rd1 Ne3 25. Rd3 Qg5 26. g3 Nc4 27. h4 Qc5 28. Kf2
Ne5 29. Re3 Nxf3 30. Bb4 Qc4 31. Qd3 Qxb4 32. Rb1 Rxe3 33. Kxe3 Re8+ 0-1

[Event "Chigorin Memorial"]
[Site "St Petersburg RUS"]
[Date "2013.10.05"]
[Round "1.50"]
[White "Chekhov, Sergei"]
[Black "Opanasenko, Mikhail"]
[Result "1-0"]
[WhiteTitle "IM"]
[WhiteElo "2455"]
[BlackElo "2009"]
[WhiteFideId "4195639"]
[BlackFideId "24176834"]
[EventDate "2013.10.05"]

1. e4 e6 2. d4 d5 3. Nc3 Bb4 4. e5 c5 5. Qg4 Ne7 6. dxc5 Nbc6 7. Bd2 O-O 8. Bd3
Ng6 9. Nf3 Bxc5 10. Qh5 a6 11. O-O Qc7 12. Rae1 b5 13. Ne2 Bb7 14. Nf4 Be7 15.
Nh3 Rac8 16. Nhg5 Bxg5 17. Nxg5 h6 18. Nxe6 fxe6 19. Qxg6 Nxe5 20. Qxe6+ Nf7 21.
Bxh6 Qd8 22. Bxg7 Re8 23. Qg6 1-0

[Event "Chigorin Memorial"]
[Site "St Petersburg RUS"]
[Date "2013.10.05"]
[Round "1.51"]
[White "Dushin, Nikolay"]
[Black "Paravyan, David"]
[Result "0-1"]
[WhiteElo "2006"]
[BlackElo "2444"]
[WhiteFideId "4114612"]
[BlackFideId "4194985"]
[EventDate "2013.10.05"]

1. d4 f5 2. g3 Nf6 3. Bg2 g6 4. Nh3 Bg7 5. c4 O-O 6. Nc3 Nc6 7. O-O Nh5 8. e3 e6
9. f4 Ne7 10. Bd2 d5 11. c5 Nf6 12. b4 Ne4 13. Nf2 Nc6 14. Ne2 Bd7 15. Nd3 a5
16. bxa5 Nxd2 17. Qxd2 Nxa5 18. Nc3 Nc4 19. Qc2 Ra3 20. Rfc1 Bc6 21. Nb2 Nxb2
22. Qxb2 Qa8 23. Rab1 Qa7 24. Bf1 Qa5 25. Qb4 Ra8 26. Qxa5 R8xa5 27. Rb2 Kf7 28.
Kf2 Ke7 29. Be2 h6 30. Bd1 Rxc5 31. dxc5 Bxc3 32. Rb3 Rxa2+ 33. Rc2 Ra1 34.
Rbxc3 Rxd1 35. Ke2 Rh1 36. Kd3 Bb5+ 37. Kd4 Rd1+ 38. Ke5 d4 39. c6 dxc3 0-1

[Event "Chigorin Memorial"]
[Site "St Petersburg RUS"]
[Date "2013.10.05"]
[Round "1.53"]
[White "Kazantsev, Nikita"]
[Black "Malakhov, Igor"]
[Result "0-1"]
[BlackTitle "FM"]
[WhiteElo "1999"]
[BlackElo "2434"]
[WhiteFideId "24175633"]
[BlackFideId "4183088"]
[EventDate "2013.10.05"]

1. e4 c5 2. Nf3 e6 3. d4 cxd4 4. Nxd4 a6 5. Bd3 Ne7 6. c4 Nec6 7. Nxc6 dxc6 8.
O-O e5 9. Be3 Be6 10. Nc3 Nd7 11. Qe2 Bc5 12. Bxc5 Nxc5 13. Rfd1 a5 14. Bc2 Qe7
15. b3 O-O 16. a3 Bc8 17. Qe3 Ne6 18. Ne2 f6 19. f4 c5 20. f5 Nd4 21. Rac1 a4
22. bxa4 Nxe2+ 23. Qxe2 Bd7 24. Rd2 Bc6 25. Rcd1 Rfd8 26. Qe3 Rd4 27. Rxd4 cxd4
28. Qd3 Bxa4 29. Bxa4 Rxa4 30. c5 Qxc5 31. Qb3+ Rc4 32. Qxb7 h6 33. Qb8+ Kh7 34.
Qe8 Rc2 35. Qg6+ Kg8 36. Qe8+ Qf8 37. Qa4 Qc8 38. Qb3+ Kh7 39. a4 Qc6 40. Qf7
Qxa4 41. Rb1 Rc8 42. h3 Qe8 43. Qa7 Qc6 44. h4 Qxe4 0-1

[Event "Chigorin Memorial"]
[Site "St Petersburg RUS"]
[Date "2013.10.05"]
[Round "1.55"]
[White "Doronkin, Grigory"]
[Black "Iljiushenok, Ilia"]
[Result "0-1"]
[WhiteElo "1981"]
[BlackElo "2418"]
[WhiteFideId "24164305"]
[BlackFideId "24105074"]
[EventDate "2013.10.05"]

1. d4 d5 2. c4 e5 3. dxe5 d4 4. Nf3 Nc6 5. g3 Nge7 6. Bg2 Ng6 7. O-O Ngxe5 8.
Nbd2 Nxf3+ 9. Nxf3 Bc5 10. Bf4 O-O 11. Ne1 Re8 12. Nd3 Bf8 13. Re1 Bf5 14. Qb3
Rb8 15. Rac1 Qd7 16. a3 Be4 17. Qb5 a6 18. Qa4 Bxg2 19. Kxg2 Re4 20. Qc2 Rbe8
21. b4 h6 22. f3 R4e6 23. Rcd1 Qc8 24. Bc1 g5 25. Nf2 Bg7 26. Nd3 b6 27. Bb2 Ne7
28. Nf2 c5 29. Bc1 cxb4 30. axb4 Nd5 31. Nd3 Nc3 32. Rd2 Qxc4 33. Bb2 Re3 34.
Bxc3 dxc3 35. Rdd1 g4 0-1

[Event "Chigorin Memorial"]
[Site "St Petersburg RUS"]
[Date "2013.10.05"]
[Round "1.56"]
[White "Mokshanov, Alexey"]
[Black "Skvortsov, Sergey"]
[Result "1-0"]
[WhiteTitle "FM"]
[WhiteElo "2411"]
[BlackElo "1980"]
[WhiteFideId "24121657"]
[BlackFideId "24188689"]
[EventDate "2013.10.05"]

1. e4 c6 2. d4 d5 3. e5 c5 4. dxc5 e6 5. Be3 Nd7 6. c4 Ne7 7. f4 Nf5 8. Bf2 Qa5+
9. Qd2 Qxd2+ 10. Nxd2 Bxc5 11. cxd5 exd5 12. Ngf3 Ne3 13. Rc1 Nxf1 14. Bxc5 Nxd2
15. Kxd2 Nxc5 16. Rxc5 Be6 17. Nd4 O-O 18. Rc7 b6 19. f5 Rfc8 20. Rhc1 Rxc7 21.
Rxc7 Bc8 22. e6 fxe6 23. fxe6 Kf8 24. Ke3 g6 25. Kf4 Ba6 26. Ke5 Bf1 27. Rf7+ 1-0